<?xml version="1.0" encoding="UTF-8"?>
<record
    xmlns:xsi="http://www.w3.org/2001/XMLSchema-instance"
    xsi:schemaLocation="http://www.loc.gov/MARC21/slim http://www.loc.gov/standards/marcxml/schema/MARC21slim.xsd"
    xmlns="http://www.loc.gov/MARC21/slim">

  <leader>01005pam a2200277 a 4500</leader>
  <controlfield tag="001">725851</controlfield>
  <controlfield tag="003">OSt</controlfield>
  <controlfield tag="005">20150408114009.0</controlfield>
  <controlfield tag="008">980501s2011    ctua     b    001 0 eng c</controlfield>
  <datafield tag="010" ind1=" " ind2=" ">
    <subfield code="a">   98020408 </subfield>
  </datafield>
  <datafield tag="020" ind1=" " ind2=" ">
    <subfield code="a">9780132181549</subfield>
  </datafield>
  <datafield tag="040" ind1=" " ind2=" ">
    <subfield code="a">DNLM/DLC</subfield>
    <subfield code="c">DLC</subfield>
    <subfield code="d">DLC</subfield>
  </datafield>
  <datafield tag="082" ind1="0" ind2="0">
    <subfield code="a">616.075</subfield>
    <subfield code="2">21</subfield>
  </datafield>
  <datafield tag="100" ind1="1" ind2=" ">
    <subfield code="a">Kee, Joyce LeFever.</subfield>
    <subfield code="9">11025</subfield>
  </datafield>
  <datafield tag="245" ind1="1" ind2="0">
    <subfield code="a">Laboratory &amp; diagnostic tests with nursing implications /</subfield>
    <subfield code="c">Joyce LeFever Kee.</subfield>
  </datafield>
  <datafield tag="246" ind1="3" ind2="0">
    <subfield code="a">Laboratory and diagnostic tests with nursing implications</subfield>
  </datafield>
  <datafield tag="250" ind1=" " ind2=" ">
    <subfield code="a">8th ed.</subfield>
  </datafield>
  <datafield tag="260" ind1=" " ind2=" ">
    <subfield code="a">Stamford, Conn. :</subfield>
    <subfield code="b">Appleton &amp; Lange,</subfield>
    <subfield code="c">c2011.</subfield>
  </datafield>
  <datafield tag="300" ind1=" " ind2=" ">
    <subfield code="a">xx, 770 p. :</subfield>
    <subfield code="b">ill. ;</subfield>
    <subfield code="c">24 cm.</subfield>
  </datafield>
  <datafield tag="504" ind1=" " ind2=" ">
    <subfield code="a">Includes bibliographical references (p. 725-730) and index.</subfield>
  </datafield>
  <datafield tag="650" ind1=" " ind2="0">
    <subfield code="a">Nursing.</subfield>
  </datafield>
  <datafield tag="650" ind1=" " ind2="0">
    <subfield code="a">Diagnosis, Laboratory.</subfield>
    <subfield code="9">10882</subfield>
  </datafield>
  <datafield tag="650" ind1="1" ind2="2">
    <subfield code="a">Laboratory Techniques and Procedures</subfield>
    <subfield code="v">nurses' instruction.</subfield>
    <subfield code="9">11026</subfield>
  </datafield>
  <datafield tag="942" ind1=" " ind2=" ">
    <subfield code="2">ddc</subfield>
    <subfield code="c">BOOK</subfield>
  </datafield>
  <datafield tag="999" ind1=" " ind2=" ">
    <subfield code="c">20854</subfield>
    <subfield code="d">255354</subfield>
  </datafield>
  <datafield tag="952" ind1=" " ind2=" ">
    <subfield code="1">0</subfield>
    <subfield code="2">2013-03-10</subfield>
    <subfield code="4">0</subfield>
    <subfield code="7">0</subfield>
    <subfield code="a">616.075 K J L</subfield>
    <subfield code="d">2012-04-17</subfield>
    <subfield code="h">EMF</subfield>
    <subfield code="i">00084093</subfield>
    <subfield code="m">EMF</subfield>
    <subfield code="q">2022-02-28</subfield>
    <subfield code="r">2022-02-28 00:00:00</subfield>
    <subfield code="t">BOOK</subfield>
    <subfield code="w">ddc</subfield>
    <subfield code="y">3</subfield>
  </datafield>
  <datafield tag="952" ind1=" " ind2=" ">
    <subfield code="1">0</subfield>
    <subfield code="2">2013-03-10</subfield>
    <subfield code="4">0</subfield>
    <subfield code="7">0</subfield>
    <subfield code="a">616.075 K J L</subfield>
    <subfield code="d">2012-04-17</subfield>
    <subfield code="h">AMF</subfield>
    <subfield code="i">00084094</subfield>
    <subfield code="m">EMF</subfield>
    <subfield code="q">2019-12-04</subfield>
    <subfield code="r">2022-09-04 00:00:00</subfield>
    <subfield code="t">BOOK</subfield>
    <subfield code="w">ddc</subfield>
    <subfield code="y">1</subfield>
  </datafield>
  <datafield tag="952" ind1=" " ind2=" ">
    <subfield code="1">0</subfield>
    <subfield code="2">2013-03-10</subfield>
    <subfield code="4">0</subfield>
    <subfield code="7">0</subfield>
    <subfield code="a">616.075 K J L</subfield>
    <subfield code="d">2012-04-17</subfield>
    <subfield code="h">AMF</subfield>
    <subfield code="i">00084112</subfield>
    <subfield code="m">EMF</subfield>
    <subfield code="q">2019-01-15</subfield>
    <subfield code="r">2021-10-20 00:00:00</subfield>
    <subfield code="t">BOOK</subfield>
    <subfield code="w">ddc</subfield>
    <subfield code="y">1</subfield>
  </datafield>
  <datafield tag="952" ind1=" " ind2=" ">
    <subfield code="1">0</subfield>
    <subfield code="2">2013-03-10</subfield>
    <subfield code="4">0</subfield>
    <subfield code="7">0</subfield>
    <subfield code="a">616.075 K J L</subfield>
    <subfield code="d">2012-04-17</subfield>
    <subfield code="h">AMF</subfield>
    <subfield code="i">00084092</subfield>
    <subfield code="m">EMF</subfield>
    <subfield code="q">2019-01-30</subfield>
    <subfield code="r">2019-02-06 00:00:00</subfield>
    <subfield code="t">BOOK</subfield>
    <subfield code="w">ddc</subfield>
    <subfield code="y">2</subfield>
  </datafield>
  <datafield tag="952" ind1=" " ind2=" ">
    <subfield code="1">0</subfield>
    <subfield code="2">2013-03-10</subfield>
    <subfield code="4">0</subfield>
    <subfield code="7">0</subfield>
    <subfield code="a">616.075 K J L</subfield>
    <subfield code="d">2012-04-23</subfield>
    <subfield code="h">SZM</subfield>
    <subfield code="i">00085195</subfield>
    <subfield code="m">SZM</subfield>
    <subfield code="o">3</subfield>
    <subfield code="q">2013-09-02</subfield>
    <subfield code="r">2014-04-24 00:00:00</subfield>
    <subfield code="t">BOOK</subfield>
    <subfield code="w">ddc</subfield>
    <subfield code="y">2</subfield>
  </datafield>
  <datafield tag="952" ind1=" " ind2=" ">
    <subfield code="1">0</subfield>
    <subfield code="2">2013-03-10</subfield>
    <subfield code="4">0</subfield>
    <subfield code="7">0</subfield>
    <subfield code="a">616.075 K J L</subfield>
    <subfield code="d">2012-04-23</subfield>
    <subfield code="h">SZM</subfield>
    <subfield code="i">00085194</subfield>
    <subfield code="m">SZM</subfield>
    <subfield code="q">2015-06-08</subfield>
    <subfield code="r">2017-09-25 00:00:00</subfield>
    <subfield code="t">BOOK</subfield>
    <subfield code="w">ddc</subfield>
    <subfield code="y">2</subfield>
  </datafield>
</record>
